000 00902nam a22002297a 4500
005 20250725112228.0
008 250725b |||||||| |||| 00| 0 eng d
020 _a978-93-88121-03-3 (hbk (Set))
037 _cREF
040 _aCL
_cCL
041 _2eng
_aeng
084 _aY:1k2 Q8.1-.5
_qREF
100 _aJaiswal, Anuradha
_9588575
245 _aEncyclopaedia of Indian culture
260 _aNew Delhi, India:
_bWorld Heritage,
_c2018.
300 _aviii,232p. (Vol. 1)
_a234,464p. (Vol. 2)
_a466,696p. (Vol. 3)
_a698,928p. (Vol. 4)
_a930,1160p. (Vol. 5)
365 _b7500.00
_cINR
650 _aCULTURE
650 _aEncylopeadia
_9816510
942 _2CC
_cREF
_hY:1k2 Q8.1-.5
_n0
999 _c1434279
_d1434279